Corps locaux /
Na minha lista:
| Autor principal: | |
|---|---|
| Formato: | Sách giấy |
| Publicado em: |
Paris :
Hermann,
[1962]
|
| Colecção: | Actualités scientifiques et industrielles ;
1296. Publications de l'Institut de math魡tique de l'Universit頤e Nancago ; 8. |
| Assuntos: | |
| Tags: |
Adicionar Tag
Sem tags, seja o primeiro a adicionar uma tag!
|
| Thư viện lưu trữ: | Thư viện Trường Đại học Đà Lạt |
|---|
| LEADER | 01039nam a2200361 4500 | ||
|---|---|---|---|
| 001 | DLU050048276 | ||
| 005 | ##20050823 | ||
| 008 | ##840118s1962 fr b 000 0 fre | ||
| 010 | # | # | |a a 63000934 |
| 035 | # | # | |9 (DLC)a 63000934 |
| 040 | # | # | |a DLC/ICU |c ICU |d DLC |
| 050 | # | # | |a Q111 |b .A3 no. 1296 |
| 082 | # | # | |a 510 |b SE-J |
| 100 | # | # | |a Serre, Jean Pierre |
| 245 | # | # | |a Corps locaux / |c Jean Pierre Serre |
| 260 | # | # | |a Paris : |b Hermann, |c [1962] |
| 300 | # | # | |a 243 p. ; |c 24 cm |
| 500 | # | # | |a Actualités scientifiques et industrielles, 1296 |
| 504 | # | # | |a Bibliography: p. [238]-240 |
| 650 | # | # | |a Algebraic fields. |
| 650 | # | # | |a Homology theory. |
| 830 | # | # | |a Actualités scientifiques et industrielles ; |v 1296. |
| 830 | # | # | |a Publications de l'Institut de math魡tique de l'Universit頤e Nancago ; |v 8. |
| 923 | # | # | |a 20/2005 |
| 992 | # | # | |a 4.800 |
| 994 | # | # | |a DLU |
| 900 | # | # | |a True |
| 911 | # | # | |a Đào Thị Thu Huyền |
| 925 | # | # | |a G |
| 926 | # | # | |a A |
| 927 | # | # | |a SH |
| 980 | # | # | |a Thư viện Trường Đại học Đà Lạt |


